MARC

LEADER 00000nab a2200000 ar4500
001 vtls008997990
003 SK-MaSNL
005 20260303065827.0
008 070611c2007 xo wr|p|||||||000 b|slo
038 |a PPPK 
040 |a PPPKCL  |b slo  |c PPPK  |e AACR2 
041 0 |a slo 
044 |a xo  |c SK 
080 |a 796.894.093.1  |2 1997 
245 0 0 |a Nazarejová na majstrovstvách SR zlatá  |c [autor] (ppt) 
600 1 7 |a Nazarejová, Zdenka  |2 pppkcl  |9 1053457 
610 2 7 |a ŠK Galaxy 2 (Poprad, Slovensko)  |2 pppkcl  |9 1066407 
611 2 7 |a Majstrovstvá Slovenska v kulturistike mužov a žien a klasickej kuluristike  |d (2007 :  |c Poprad, Slovensko)  |2 pppkcl  |9 1066408 
648 7 |a 2007  |2 pppkcl  |9 313226 
650 0 7 |a kulturistika  |2 pppkcl  |9 3254 
651 7 |a Poprad (Slovensko)  |2 pppkcl  |9 20155 
773 0 |t Poprad : noviny občanov mesta  |g Roč. XVIII, č. 33 (2007), s. 6 
852 |a PPPK  |b KIS3GCP 
999 |c 1752899  |d 1754829